[Event "Moscu ch"]
[Site "Moscu RUS"]
[Date "2007.04.18"]
[Round "1.1"]
[White "Vorobiov, Evgeny E"]
[Black "Rychagov, Andrey"]
[Result "1/2-1/2"]
[WhiteElo "2258"]
[BlackElo "2571"]
[PlyCount "43"]
[EventDate "2007.04.18"]
[EventType "tourn"]
[EventRounds "7"]
[EventCountry "RUS"]
[Source "lmi"]
[SourceDate "2007.04.18"]

1. e4 e6 2. d4 d5 3. Nd2 dxe4 4. Nxe4 Nd7 5. Nf3 Ngf6 6. Nxf6+ Nxf6 7. c3 Be7
8. Bd3 O-O 9. O-O b6 10. Qe2 c5 11. Bg5 Bb7 12. dxc5 Bxc5 13. Rad1 Qc7 14. Ne5
Rfd8 15. Rfe1 Rd5 16. h3 Rad8 17. c4 Rd4 18. Nf3 R4d7 19. Ne5 Rd4 20. Nf3 R4d7
21. Ne5 Rd4 22. Nf3 1/2-1/2

[Event "Moscu ch"]
[Site "Moscu RUS"]
[Date "2007.04.18"]
[Round "1.2"]
[White "Novikov, Stanislav"]
[Black "Amonatov, Farrukh"]
[Result "1/2-1/2"]
[WhiteElo "2556"]
[BlackElo "2574"]
[PlyCount "105"]
[EventDate "2007.04.18"]
[EventType "tourn"]
[EventRounds "7"]
[EventCountry "RUS"]
[Source "lmi"]
[SourceDate "2007.04.18"]

1. e4 c5 2. Nf3 d6 3. d4 cxd4 4. Nxd4 Nf6 5. Nc3 a6 6. Be3 e5 7. Nb3 Be6 8. f4
exf4 9. Bxf4 Nc6 10. Qe2 Rc8 11. h3 g6 12. g4 h5 13. g5 Nd7 14. O-O-O Nde5 15.
Qe3 Bg7 16. Rh2 Na5 17. Nxa5 Qxa5 18. Rxd6 Nd7 19. e5 O-O 20. Rhd2 Nxe5 21.
R6d5 Bxd5 22. Rxd5 Rxc3 23. Rxa5 Rxe3 24. Bxe3 Re8 25. Ra3 Nf3 26. Rd3 Re5 27.
Bg2 Ne1 28. Rd8+ Kh7 29. Bd4 Nxg2 30. Bxe5 Bxe5 31. Rd7 Kg7 32. Rxb7 h4 33. b4
Nf4 34. b5 axb5 35. Rxb5 Bd4 36. Rb4 Bf2 37. Kd2 Nxh3 38. Ke2 Bc5 39. Rxh4 Nxg5
40. a4 Kf6 41. a5 Ne6 42. a6 Ke5 43. c3 Nc7 44. Ra4 Kd5 45. a7 Na8 46. Kf3 Kc6
47. Ke4 f6 48. Ra2 Kb7 49. Rg2 g5 50. Kf5 Bxa7 51. Kxf6 Be3 52. Rxg5 Bxg5+ 53.
Kxg5 1/2-1/2

[Event "Moscu ch"]
[Site "Moscu RUS"]
[Date "2007.04.18"]
[Round "1.3"]
[White "Korotylev, Alexey"]
[Black "Belov, Vladimir"]
[Result "1/2-1/2"]
[WhiteElo "2620"]
[BlackElo "2586"]
[PlyCount "80"]
[EventDate "2007.04.18"]
[EventType "tourn"]
[EventRounds "7"]
[EventCountry "RUS"]
[Source "lmi"]
[SourceDate "2007.04.18"]

1. d4 d5 2. c4 c6 3. Nc3 Nf6 4. e3 e6 5. Nf3 Nbd7 6. Be2 Bd6 7. O-O O-O 8. b3
b6 9. Qc2 Bb7 10. Rd1 Qe7 11. e4 dxe4 12. Nxe4 Nxe4 13. Qxe4 h6 14. Bf4 Nf6 15.
Bxd6 Qxd6 16. Qe5 Qxe5 17. Nxe5 c5 18. dxc5 bxc5 19. Rd6 Rfc8 20. Rad1 Kf8 21.
h4 Rc7 22. Bf3 Bxf3 23. Nxf3 Ng4 24. Kf1 Ke7 25. Ra6 Rb8 26. Rdd6 Rbc8 27. Ke2
h5 28. g3 Nh6 29. Ne5 Nf5 30. Rd1 f6 31. Ng6+ Kf7 32. Nf4 e5 33. Nd5 Rb7 34.
Nc3 Nd4+ 35. Kf1 Rcc7 36. Ra5 Rc6 37. Ne4 Rbc7 38. Nc3 Rb7 39. Ne4 Rbc7 40. Nc3
Rb7 1/2-1/2

[Event "Moscu ch"]
[Site "Moscu RUS"]
[Date "2007.04.18"]
[Round "1.4"]
[White "Gavrilov, Alexei"]
[Black "Grachev, Boris"]
[Result "0-1"]
[WhiteElo "2479"]
[BlackElo "2578"]
[PlyCount "136"]
[EventDate "2007.04.18"]
[EventType "tourn"]
[EventRounds "7"]
[EventCountry "RUS"]
[Source "lmi"]
[SourceDate "2007.04.18"]

1. d4 d5 2. c4 e6 3. Nc3 c6 4. e3 Nf6 5. Nf3 Nbd7 6. Bd3 dxc4 7. Bxc4 b5 8. Bd3
Bd6 9. Bd2 Bb7 10. Rc1 Rc8 11. a3 a5 12. Ng5 h6 13. Nge4 Be7 14. O-O O-O 15.
Nxf6+ Nxf6 16. Qe2 b4 17. axb4 axb4 18. Na4 Nd7 19. Rfd1 c5 20. dxc5 Nxc5 21.
Bxb4 Nxd3 22. Rxc8 Qxc8 23. Bxe7 Qc6 24. f3 Rc8 25. Qxd3 Qxa4 26. h3 e5 27. b3
Qa7 28. Bd6 Rd8 29. Kh2 Qb6 30. e4 Kh7 31. Rd2 f6 32. b4 Ba6 33. Qd5 Qe3 34.
Rd1 Qf4+ 35. Kh1 Be2 36. Re1 Bxf3 37. gxf3 Qxf3+ 38. Kg1 Qg3+ 39. Kf1 Qf3+ 40.
Kg1 h5 41. Rf1 Qg3+ 42. Kh1 Qxh3+ 43. Kg1 Qg3+ 44. Kh1 h4 45. Qe6 h3 46. Rg1
Qf3+ 47. Kh2 Qe2+ 48. Kxh3 Qd3+ 49. Kg2 Qxd6 50. Qxd6 Rxd6 51. Rb1 Kg6 52. b5
Rb6 53. Kf3 Kg5 54. Ke3 g6 55. Rg1+ Kh6 56. Rh1+ Kg5 57. Rg1+ Kh6 58. Rh1+ Kg7
59. Rb1 f5 60. Kd3 Kf6 61. Kc4 fxe4 62. Kc5 Rb8 63. b6 Kf5 64. Rf1+ Kg4 65.
Rg1+ Kf4 66. Rxg6 e3 67. Rg1 e2 68. Rc1 Ke3 0-1

[Event "Moscu ch"]
[Site "Moscu RUS"]
[Date "2007.04.19"]
[Round "2.1"]
[White "Rychagov, Andrey"]
[Black "Grachev, Boris"]
[Result "1/2-1/2"]
[WhiteElo "2571"]
[BlackElo "2578"]
[PlyCount "67"]
[EventDate "2007.04.18"]
[EventType "tourn"]
[EventRounds "7"]
[EventCountry "RUS"]
[Source "lmi"]
[SourceDate "2007.04.18"]

1. d4 d5 2. c4 e6 3. Nf3 c6 4. Qc2 Nf6 5. Bg5 h6 6. Bh4 dxc4 7. Qxc4 b6 8. Nc3
Be7 9. Qb3 Nd5 10. Bxe7 Qxe7 11. Rc1 O-O 12. e3 Nxc3 13. Rxc3 Bb7 14. Bd3 Nd7
15. Be4 Rac8 16. Qa3 Rfe8 17. Qxe7 Rxe7 18. Ke2 e5 19. dxe5 Nxe5 20. Nxe5 Rxe5
21. Bf3 Rc7 22. Rd1 c5 23. Bxb7 Rxb7 24. Rd8+ Kh7 25. Rcd3 Ree7 26. R3d6 Rec7
27. Kd2 f6 28. a4 Kg6 29. Kc3 Kf7 30. Kc4 Re7 31. Kd3 Rec7 32. Kc4 Re7 33. Kd3
Rec7 34. Kc4 1/2-1/2

[Event "Moscu ch"]
[Site "Moscu RUS"]
[Date "2007.04.19"]
[Round "2.2"]
[White "Belov, Vladimir"]
[Black "Gavrilov, Alexei"]
[Result "1/2-1/2"]
[WhiteElo "2586"]
[BlackElo "2479"]
[PlyCount "114"]
[EventDate "2007.04.18"]
[EventType "tourn"]
[EventRounds "7"]
[EventCountry "RUS"]
[Source "lmi"]
[SourceDate "2007.04.18"]

1. e4 c6 2. d4 d5 3. e5 Bf5 4. h4 h5 5. c4 e6 6. Bg5 Be7 7. Qd2 dxc4 8. Bxc4
Nd7 9. Nc3 Nb6 10. Bb3 Qd7 11. Nge2 O-O-O 12. a4 f6 13. a5 Nd5 14. Nxd5 exd5
15. Bf4 fxe5 16. Bxe5 Nf6 17. f3 Bd6 18. a6 b6 19. Rc1 Kb8 20. O-O Rhe8 21. Qf4
Bd3 22. Rf2 Bxa6 23. Bxd6+ Qxd6 24. Rxc6 Qxf4 25. Nxf4 Re1+ 26. Kh2 Bb5 27. Re6
Rxe6 28. Nxe6 Rd7 29. Rc2 a5 30. Rc1 a4 31. Ba2 Re7 32. Nf4 Bc4 33. Bb1 b5 34.
Bc2 Kb7 35. Kg3 Kb6 36. Ra1 Rc7 37. Kf2 Rc8 38. Bd1 Re8 39. Bc2 Rc8 40. Ke3 Ka5
41. Kd2 Kb4 42. Re1 Rc7 43. Ne6 Rd7 44. Re3 Ka5 45. Nc5 Ra7 46. Re6 Bf1 47. g3
Bc4 48. Bd1 Bf1 49. Rc6 Nd7 50. Nxd7 Rxd7 51. f4 Bc4 52. Bxh5 b4 53. Be8 Re7
54. Rc5+ Kb6 55. Bxa4 Re2+ 56. Kc1 Re1+ 57. Kd2 Re2+ 1/2-1/2

[Event "Moscu ch"]
[Site "Moscu RUS"]
[Date "2007.04.19"]
[Round "2.3"]
[White "Amonatov, Farrukh"]
[Black "Korotylev, Alexey"]
[Result "1/2-1/2"]
[WhiteElo "2574"]
[BlackElo "2620"]
[PlyCount "103"]
[EventDate "2007.04.18"]
[EventType "tourn"]
[EventRounds "7"]
[EventCountry "RUS"]
[Source "lmi"]
[SourceDate "2007.04.18"]

1. e4 e5 2. Nf3 Nc6 3. Bb5 a6 4. Ba4 Nf6 5. O-O Be7 6. Re1 b5 7. Bb3 d6 8. c3
O-O 9. d4 Bg4 10. d5 Na5 11. Bc2 Qc8 12. Nbd2 c6 13. b4 Nb7 14. dxc6 Qxc6 15.
Bb2 Nd8 16. Nf1 Ne6 17. h3 Bh5 18. Ng3 Bg6 19. Nh4 Rfe8 20. Ngf5 Rad8 21. Qf3
Bf8 22. Bb3 Nf4 23. Rad1 Rd7 24. a3 Rc7 25. Rc1 Qb7 26. Rcd1 Qc6 27. Rc1 Qb7
28. Kh2 d5 29. exd5 N4xd5 30. c4 bxc4 31. Bxc4 e4 32. Qg3 Rc6 33. Kg1 Qc8 34.
Qb3 Bxf5 35. Bxd5 Nxd5 36. Nxf5 Nf4 37. Rxc6 Qxc6 38. Qg3 Ng6 39. h4 Qc2 40.
Qc3 Qxc3 41. Bxc3 f6 42. h5 Nf4 43. Ng3 f5 44. Nxf5 Nxh5 45. g3 Nf6 46. Bxf6
gxf6 47. f3 Re5 48. fxe4 a5 49. bxa5 Rxa5 50. Kg2 Rxa3 51. Re3 Rxe3 52. Nxe3
1/2-1/2

[Event "Moscu ch"]
[Site "Moscu RUS"]
[Date "2007.04.19"]
[Round "2.4"]
[White "Vorobiov, Evgeny E"]
[Black "Novikov, Stanislav"]
[Result "0-1"]
[WhiteElo "2258"]
[BlackElo "2556"]
[PlyCount "160"]
[EventDate "2007.04.18"]
[EventType "tourn"]
[EventRounds "7"]
[EventCountry "RUS"]
[Source "lmi"]
[SourceDate "2007.04.18"]

1. e4 g6 2. d4 Bg7 3. Nf3 d6 4. Bc4 c6 5. Bb3 Nf6 6. O-O Bg4 7. h3 Bxf3 8. Qxf3
Nbd7 9. c3 Qc7 10. Rd1 b5 11. Nd2 O-O 12. Nf1 a5 13. a3 c5 14. Bf4 Qb7 15. Bc2
Rfc8 16. Qe2 cxd4 17. cxd4 Nf8 18. e5 Nd5 19. Bg3 Ne6 20. Be4 Ng5 21. exd6 exd6
22. h4 Nxe4 23. Qxe4 f5 24. Qe6+ Qf7 25. Qxf7+ Kxf7 26. Bxd6 Rc2 27. Ne3 Nxe3
28. fxe3 Rd8 29. Bf4 Rxb2 30. Rab1 Rxb1 31. Rxb1 Rd5 32. Kf2 Bf8 33. Rb3 a4 34.
Rc3 Rd7 35. Ke2 Ra7 36. Kd3 b4 37. axb4 a3 38. b5 a2 39. b6 Rb7 40. Rc1 Rxb6
41. Ra1 Rb2 42. g3 Bb4 43. Kc4 Ke7 44. d5 Bd6 45. Kc3 Re2 46. Kd3 Rg2 47. Kc4
Kd7 48. Kb3 Re2 49. Kc4 h6 50. Kd3 Rg2 51. Kc4 g5 52. hxg5 hxg5 53. Bxd6 Kxd6
54. Kd4 g4 55. e4 fxe4 56. Kxe4 Rf2 57. Rc1 Rc2 58. Rxc2 a1=Q 59. Rc6+ Kd7 60.
Kf5 Qd1 61. Rf6 Qf3+ 62. Kg5 Qxg3 63. Rf4 Qf3 64. Rxg4 Qxd5+ 65. Kf4 Ke6 66.
Rg6+ Kf7 67. Rg5 Qc4+ 68. Kf3 Kf6 69. Rg4 Qc3+ 70. Ke2 Kf5 71. Rh4 Qg3 72. Rb4
Qa3 73. Rh4 Qc3 74. Kf2 Qd2+ 75. Kf3 Qd3+ 76. Kf2 Kg5 77. Rh1 Qd2+ 78. Kg3 Qe3+
79. Kg2 Qe4+ 80. Kh2 Kh4 0-1

[Event "Moscu ch"]
[Site "Moscu RUS"]
[Date "2007.04.20"]
[Round "3.1"]
[White "Novikov, Stanislav"]
[Black "Rychagov, Andrey"]
[Result "1/2-1/2"]
[WhiteElo "2556"]
[BlackElo "2571"]
[PlyCount "94"]
[EventDate "2007.04.18"]
[EventType "tourn"]
[EventRounds "7"]
[EventCountry "RUS"]
[Source "lmi"]
[SourceDate "2007.04.18"]

1. e4 e6 2. d4 d5 3. Nc3 dxe4 4. Nxe4 Nd7 5. Nf3 Ngf6 6. Bd3 c5 7. O-O Nxe4 8.
Bxe4 Be7 9. Qe2 Qc7 10. Rd1 O-O 11. Bg5 Bxg5 12. Nxg5 Nf6 13. Bf3 Rb8 14. Ne4
Nxe4 15. Qxe4 cxd4 16. Rxd4 Bd7 17. Qd3 Bc6 18. Bxc6 bxc6 19. b3 Rbd8 20. Rd1
Rxd4 21. Qxd4 c5 22. Qd3 h6 23. g3 c4 24. Qc3 Rc8 25. bxc4 Qc6 26. h4 Qa4 27.
Qb3 Qxc4 28. Rd8+ Kh7 29. Rxc8 Qxc8 30. c4 Qc5 31. a3 f5 32. Qb4 Qd4 33. c5
Qd1+ 34. Kg2 Qd5+ 35. Kh2 Qd3 36. Qb2 Qc4 37. Qe5 Qc2 38. Kg2 Qc4 39. Kh2 a5
40. Qd6 Qc2 41. Qd4 e5 42. Qe3 Kg6 43. c6 Qxc6 44. Qxe5 Qf3 45. Qc5 a4 46. Kg1
Qe4 47. Qc3 Kh7 1/2-1/2

[Event "Moscu ch"]
[Site "Moscu RUS"]
[Date "2007.04.20"]
[Round "3.2"]
[White "Korotylev, Alexey"]
[Black "Vorobiov, Evgeny E"]
[Result "1/2-1/2"]
[WhiteElo "2620"]
[BlackElo "2258"]
[PlyCount "47"]
[EventDate "2007.04.18"]
[EventType "tourn"]
[EventRounds "7"]
[EventCountry "RUS"]
[Source "lmi"]
[SourceDate "2007.04.18"]

1. d4 d5 2. c4 dxc4 3. Nf3 e6 4. e3 Nf6 5. Bxc4 c5 6. O-O a6 7. a4 Nc6 8. Qe2
Qc7 9. Rd1 Bd6 10. dxc5 Bxc5 11. b3 O-O 12. Bb2 e5 13. Nc3 Nb4 14. h3 e4 15.
Nd2 Bf5 16. Na2 Qe7 17. Nxb4 Bxb4 18. Nf1 Bg6 19. Ng3 Rfd8 20. Bd4 Rd6 21. Bb2
Rdd8 22. Bd4 Rd6 23. Bb2 Rdd8 24. Bd4 1/2-1/2

[Event "Moscu ch"]
[Site "Moscu RUS"]
[Date "2007.04.20"]
[Round "3.3"]
[White "Gavrilov, Alexei"]
[Black "Amonatov, Farrukh"]
[Result "0-1"]
[WhiteElo "2479"]
[BlackElo "2574"]
[PlyCount "106"]
[EventDate "2007.04.18"]
[EventType "tourn"]
[EventRounds "7"]
[EventCountry "RUS"]
[Source "lmi"]
[SourceDate "2007.04.18"]

1. e4 g6 2. d4 Bg7 3. c4 d6 4. Nc3 Nf6 5. Nf3 O-O 6. Be2 e5 7. Be3 Ng4 8. Bg5
f6 9. Bc1 f5 10. exf5 exd4 11. Bg5 Qe8 12. Nd5 d3 13. Qxd3 Bxf5 14. Qd2 Qd7 15.
O-O Nc6 16. Rad1 Rae8 17. b3 Be4 18. Ne1 Bf5 19. h3 Nd4 20. Nc3 Nxe2+ 21. Nxe2
Nf6 22. Ng3 Ne4 23. Nxe4 Rxe4 24. Qd5+ Qf7 25. Qxb7 Re2 26. Rd2 Re5 27. Nf3
Ree8 28. Re1 Bc3 29. Rxe8 Rxe8 30. Rd1 Be4 31. Qxa7 Bxf3 32. gxf3 Qxf3 33. Rf1
h6 34. Be3 Be5 35. Qa5 c6 36. Qd2 Qxh3 37. f3 Bc3 38. Qxd6 Rxe3 39. Qxg6+ Bg7
40. Rd1 Rxf3 41. Rd8+ Rf8 42. Rxf8+ Kxf8 43. Qe4 Qd7 44. b4 Qd4+ 45. Qxd4 Bxd4+
46. Kg2 Bc3 47. a3 Ke7 48. Kf3 Bb2 49. a4 Bc3 50. b5 c5 51. Ke4 Kd6 52. Kf5 Ba5
53. Kf6 h5 0-1

[Event "Moscu ch"]
[Site "Moscu RUS"]
[Date "2007.04.20"]
[Round "3.4"]
[White "Grachev, Boris"]
[Black "Belov, Vladimir"]
[Result "1/2-1/2"]
[WhiteElo "2578"]
[BlackElo "2586"]
[PlyCount "66"]
[EventDate "2007.04.18"]
[EventType "tourn"]
[EventRounds "7"]
[EventCountry "RUS"]
[Source "lmi"]
[SourceDate "2007.04.18"]

1. d4 d5 2. Bf4 Nf6 3. e3 c5 4. dxc5 Nc6 5. Bb5 g6 6. Nf3 Bg7 7. O-O Bg4 8. Nc3
O-O 9. h3 Bxf3 10. Qxf3 a6 11. Ba4 Qa5 12. Bb3 e6 13. Bd6 Rfd8 14. a3 Ne8 15.
Bxd5 Bxc3 16. Bxc6 Nxd6 17. cxd6 bxc6 18. bxc3 Rxd6 19. Qf4 Rad8 20. Qb4 Qf5
21. Qb6 c5 22. Qa5 Rd2 23. Qxa6 Rxc2 24. a4 Rdd2 25. Qa8+ Kg7 26. Qf3 Qxf3 27.
gxf3 Ra2 28. Rxa2 Rxa2 29. Rb1 Rxa4 30. Rb5 Rc4 31. Rb3 Ra4 32. Rb5 Rc4 33. Rb3
Ra4 1/2-1/2

[Event "Moscu ch"]
[Site "Moscu RUS"]
[Date "2007.04.21"]
[Round "4.1"]
[White "Rychagov, Andrey"]
[Black "Belov, Vladimir"]
[Result "1/2-1/2"]
[WhiteElo "2571"]
[BlackElo "2586"]
[PlyCount "120"]
[EventDate "2007.04.18"]
[EventType "tourn"]
[EventRounds "7"]
[EventCountry "RUS"]
[Source "lmi"]
[SourceDate "2007.04.18"]

1. d4 d5 2. c4 c6 3. Nf3 Nf6 4. Nc3 e6 5. e3 Nbd7 6. Bd3 dxc4 7. Bxc4 b5 8. Bd3
Bb7 9. O-O a6 10. Qe2 c5 11. a3 Bd6 12. Rd1 Qb8 13. h3 cxd4 14. exd4 O-O 15.
Ng5 Ra7 16. Be3 Bh2+ 17. Kh1 Bf4 18. Rac1 h6 19. Nge4 Nxe4 20. Bxe4 Bxe3 21.
Qxe3 Nf6 22. Bxb7 Rxb7 23. d5 b4 24. axb4 Nxd5 25. Nxd5 exd5 26. Rxd5 Rxb4 27.
Ra5 Re8 28. Qc5 Rbe4 29. Ra3 Qxb2 30. Rxa6 R4e5 31. Qc7 Qxf2 32. Raa1 Re2 33.
Rg1 Qe3 34. Qc6 Qe4 35. Qxe4 R2xe4 36. Ra2 Rd4 37. Rga1 Kh7 38. Ra4 Rdd8 39.
Ra7 Kg6 40. R1a6+ Re6 41. Kh2 Rd2 42. Ra2 Rdd6 43. Rf2 f5 44. Rf3 Kf6 45. g4 g6
46. gxf5 gxf5 47. Ra5 Re5 48. Rxe5 Kxe5 49. Kg3 Rg6+ 50. Kf2 f4 51. Ra3 Rd6 52.
Kf3 Rd5 53. Rb3 Kf5 54. h4 h5 55. Ra3 Re5 56. Rb3 Re3+ 57. Rxe3 fxe3 58. Kxe3
Kg4 59. Kf2 Kxh4 60. Kg2 Kg4 1/2-1/2

[Event "Moscu ch"]
[Site "Moscu RUS"]
[Date "2007.04.21"]
[Round "4.2"]
[White "Amonatov, Farrukh"]
[Black "Grachev, Boris"]
[Result "1/2-1/2"]
[WhiteElo "2574"]
[BlackElo "2578"]
[PlyCount "94"]
[EventDate "2007.04.18"]
[EventType "tourn"]
[EventRounds "7"]
[EventCountry "RUS"]
[Source "lmi"]
[SourceDate "2007.04.18"]

1. e4 c5 2. Nf3 d6 3. d4 cxd4 4. Nxd4 Nf6 5. Nc3 a6 6. Be3 e6 7. g4 e5 8. Nf5
h5 9. g5 Nxe4 10. Nxg7+ Bxg7 11. Nxe4 d5 12. Ng3 d4 13. Bd2 Qd5 14. c4 dxc3 15.
Bxc3 Be6 16. Be2 Nc6 17. Qxd5 Bxd5 18. O-O h4 19. Nh5 Rg8 20. Nxg7+ Rxg7 21. f4
O-O-O 22. Kf2 Rgg8 23. Rfd1 Be6 24. Rxd8+ Kxd8 25. Ke3 Kc7 26. Bf3 exf4+ 27.
Kxf4 Ne7 28. Be5+ Kb6 29. Bd4+ Kc7 30. Rc1+ Kb8 31. Be5+ Ka7 32. Bd4+ Kb8 33.
a4 Nd5+ 34. Bxd5 Bxd5 35. Kg4 Re8 36. Kf5 Re2 37. a5 h3 38. b4 Bc6 39. Bb6 Ba4
40. Kf6 Bc2 41. Kxf7 Rxh2 42. g6 Bb3+ 43. Kf6 Rc2 44. Rh1 Rc6+ 45. Kg5 Bc2 46.
Rxh3 Rxg6+ 47. Kf4 Rg8 1/2-1/2

[Event "Moscu ch"]
[Site "Moscu RUS"]
[Date "2007.04.21"]
[Round "4.3"]
[White "Vorobiov, Evgeny E"]
[Black "Gavrilov, Alexei"]
[Result "1/2-1/2"]
[WhiteElo "2258"]
[BlackElo "2479"]
[PlyCount "105"]
[EventDate "2007.04.18"]
[EventType "tourn"]
[EventRounds "7"]
[EventCountry "RUS"]
[Source "lmi"]
[SourceDate "2007.04.18"]

1. d4 Nf6 2. c4 e6 3. Nf3 b6 4. a3 Bb7 5. Nc3 d5 6. cxd5 exd5 7. Bg5 Be7 8.
Qa4+ c6 9. e3 O-O 10. Bd3 Nbd7 11. Rd1 h6 12. Bxf6 Nxf6 13. Ne5 c5 14. O-O Bd6
15. Bb1 Qe8 16. Nf3 Qxa4 17. Nxa4 c4 18. Nc3 Rfe8 19. Nd2 Rac8 20. Rfe1 a6 21.
e4 dxe4 22. Ndxe4 Nxe4 23. Bxe4 Bxe4 24. Nxe4 Red8 25. g3 b5 26. Kg2 f5 27.
Nxd6 Rxd6 28. Re5 g6 29. h4 c3 30. bxc3 Rxc3 31. Re7 Rc4 32. d5 Rc5 33. Ra7
Rdxd5 34. Re1 Re5 35. Rb1 h5 36. Rb2 f4 37. gxf4 Rf5 38. Rd2 Rxf4 39. Rd8+ Rf8
40. Rdd7 Rf6 41. Ra8+ Rf8 42. Rxa6 Rc2 43. Rxg6+ Kh8 44. Rd5 Rcxf2+ 45. Kh3
R2f3+ 46. Kh2 Rf2+ 47. Rg2 R8f5 48. Rxf5 Rxf5 49. Rg5 Rxg5 50. hxg5 Kg7 51. Kg3
Kf7 52. Kh3 Kg7 53. Kg3 1/2-1/2

[Event "Moscu ch"]
[Site "Moscu RUS"]
[Date "2007.04.21"]
[Round "4.4"]
[White "Novikov, Stanislav"]
[Black "Korotylev, Alexey"]
[Result "1-0"]
[WhiteElo "2556"]
[BlackElo "2620"]
[PlyCount "46"]
[EventDate "2007.04.18"]
[EventType "tourn"]
[EventRounds "7"]
[EventCountry "RUS"]
[Source "lmi"]
[SourceDate "2007.04.18"]

1. e4 c5 2. Nc3 Nc6 3. f4 g6 4. Nf3 Bg7 5. h3 d6 6. g4 h5 7. g5 e6 8. Bg2 Nge7
9. O-O e5 10. d3 exf4 11. Bxf4 O-O 12. Qe1 Be6 13. Qg3 d5 14. Bd6 dxe4 15. dxe4
Qa5 16. Ne5 Bxe5 17. Bxe5 Nxe5 18. Qxe5 Rae8 19. Rf2 Nc6 20. Qf6 c4 21. Nd5 Qc5
22. Rd1 Bxd5 23. exd5 Ne5 {Game incomplete} 1-0

[Event "Moscu ch"]
[Site "Moscu RUS"]
[Date "2007.04.22"]
[Round "5.1"]
[White "Korotylev, Alexey"]
[Black "Rychagov, Andrey"]
[Result "1/2-1/2"]
[WhiteElo "2620"]
[BlackElo "2571"]
[PlyCount "97"]
[EventDate "2007.04.18"]
[EventType "tourn"]
[EventRounds "7"]
[EventCountry "RUS"]
[Source "lmi"]
[SourceDate "2007.04.18"]

1. d4 d5 2. c4 e6 3. Nc3 Nf6 4. Nf3 Be7 5. Bf4 O-O 6. e3 Nbd7 7. c5 c6 8. Bd3
b6 9. b4 a5 10. a3 Ba6 11. O-O Qc8 12. h3 Qb7 13. Qc2 Bxd3 14. Qxd3 axb4 15.
axb4 Rxa1 16. Rxa1 Ra8 17. Qb1 Ra7 18. Nd2 Bd8 19. Rxa7 Qxa7 20. Qa2 Qb7 21.
Nb3 bxc5 22. bxc5 Qb4 23. Qa8 Qxb3 24. Qxd8+ Nf8 25. Bd6 N6d7 26. Qa5 h5 27.
Na2 Qb1+ 28. Kh2 Qa1 29. Qa4 h4 30. Qc2 Qf1 31. Nb4 Qb5 32. Nd3 Ng6 33. Nf4
Nxf4 34. Bxf4 Nf8 35. Bg5 Ng6 36. e4 Qb4 37. Be3 Qb8+ 38. Kg1 Qd8 39. Qa4 Qd7
40. e5 Qb7 41. Qa5 Qb1+ 42. Kh2 Qe4 43. Qd8+ Kh7 44. Qg5 Qc2 45. Qh5+ Kg8 46.
Qg5 Kh7 47. Qh5+ Kg8 48. Qg5 Kh7 49. Qh5+ 1/2-1/2

[Event "Moscu ch"]
[Site "Moscu RUS"]
[Date "2007.04.22"]
[Round "5.2"]
[White "Gavrilov, Alexei"]
[Black "Novikov, Stanislav"]
[Result "1-0"]
[WhiteElo "2479"]
[BlackElo "2556"]
[PlyCount "95"]
[EventDate "2007.04.18"]
[EventType "tourn"]
[EventRounds "7"]
[EventCountry "RUS"]
[Source "lmi"]
[SourceDate "2007.04.18"]

1. d4 g6 2. e4 Bg7 3. c4 d6 4. Nf3 Nc6 5. Nc3 e5 6. dxe5 dxe5 7. Qxd8+ Kxd8 8.
Bg5+ f6 9. O-O-O+ Bd7 10. Be3 Kc8 11. h3 f5 12. exf5 gxf5 13. g3 Nge7 14. Be2
Ng6 15. Nd5 Re8 16. h4 f4 17. h5 e4 18. hxg6 exf3 19. Bxf3 fxe3 20. Rxh7 Be5
21. Nxe3 Ne7 22. Ng4 Nxg6 23. Rdxd7 Bd6 24. Rxd6 cxd6 25. Bxb7+ Kb8 26. Bxa8
Kxa8 27. Rg7 Re6 28. Kd2 Ne7 29. Ne3 Kb8 30. g4 Nc6 31. f4 Re4 32. f5 Ne5 33.
f6 Rf4 34. g5 Kc8 35. b3 Rf2+ 36. Kc3 a5 37. Nd5 Nd7 38. f7 Nf8 39. g6 Rf3+ 40.
Kd2 Kd7 41. Rg8 Ne6 42. f8=Q Nxf8 43. Rxf8 Rxf8 44. g7 Rf2+ 45. Kc3 Rf3+ 46.
Kd4 Rg3 47. g8=Q Rxg8 48. Nf6+ 1-0

[Event "Moscu ch"]
[Site "Moscu RUS"]
[Date "2007.04.22"]
[Round "5.3"]
[White "Grachev, Boris"]
[Black "Vorobiov, Evgeny E"]
[Result "1/2-1/2"]
[WhiteElo "2578"]
[BlackElo "2258"]
[PlyCount "107"]
[EventDate "2007.04.18"]
[EventType "tourn"]
[EventRounds "7"]
[EventCountry "RUS"]
[Source "lmi"]
[SourceDate "2007.04.18"]

1. d4 Nf6 2. Nf3 g6 3. Bf4 Bg7 4. e3 O-O 5. Be2 d6 6. h3 Nfd7 7. Bh2 e5 8. c4
e4 9. Nfd2 f5 10. Nc3 Nf6 11. b4 Nc6 12. Qb3 Ne7 13. b5 Be6 14. Qa3 g5 15. Nb3
Ng6 16. c5 f4 17. O-O-O Nd5 18. Nxd5 Bxd5 19. Kb1 a6 20. bxa6 bxa6 21. Qa5 Rb8
22. Rc1 Bxb3 23. axb3 Rxb3+ 24. Ka2 Rb7 25. Rb1 Rxb1 26. Rxb1 dxc5 27. Qxc5 Qd7
28. Rb7 Qd6 29. Rxc7 Qxc5 30. Rxc5 h6 31. Kb3 Nh4 32. Bc4+ Kh8 33. Bd5 Nxg2 34.
Bxe4 fxe3 35. fxe3 Nxe3 36. d5 Nf1 37. Rc2 Nxh2 38. Rxh2 Be5 39. Rc2 Rf4 40.
Re2 Kg7 41. Kb4 Rh4 42. Kc5 Rxh3 43. d6 Bf6 44. Ra2 Rh4 45. Kd5 Rf4 46. Rxa6
Bd8 47. Bd3 g4 48. Ke5 Rf8 49. Bf5 h5 50. d7 Rf6 51. Rxf6 Bxf6+ 52. Kf4 Kf8 53.
Bxg4 hxg4 54. Kxg4 1/2-1/2

[Event "Moscu ch"]
[Site "Moscu RUS"]
[Date "2007.04.22"]
[Round "5.4"]
[White "Belov, Vladimir"]
[Black "Amonatov, Farrukh"]
[Result "1-0"]
[WhiteElo "2586"]
[BlackElo "2574"]
[PlyCount "99"]
[EventDate "2007.04.18"]
[EventType "tourn"]
[EventRounds "7"]
[EventCountry "RUS"]
[Source "lmi"]
[SourceDate "2007.04.18"]

1. d4 d5 2. c4 c6 3. Nf3 Nf6 4. Qb3 Qb6 5. Nc3 Bf5 6. c5 Qc7 7. Bf4 Qc8 8. e3
Nbd7 9. Be2 h6 10. O-O g5 11. Bg3 Bg7 12. Ne5 O-O 13. Qd1 Ne4 14. Nxe4 Bxe4 15.
Bg4 e6 16. Nxd7 Qxd7 17. Bd6 Rfd8 18. Qd2 Bf8 19. Bxf8 Rxf8 20. b4 Qc7 21. Be2
e5 22. Rfe1 Rfe8 23. Bf1 Re6 24. a4 Rae8 25. b5 Bf5 26. Rec1 exd4 27. exd4 Re4
28. a5 Qd7 29. Qb4 Rb8 30. g3 Re6 31. bxc6 Qxc6 32. Ra3 Rd8 33. Qb5 Rde8 34.
Raa1 R8e7 35. a6 Qxb5 36. Bxb5 b6 37. f3 Rf6 38. Re1 Rc7 39. Re8+ Kg7 40. c6
Rc8 41. Re7 Bh3 42. Ra3 Re6 43. Rxa7 Re1+ 44. Kf2 Rb1 45. Be2 Rxc6 46. Re7 Rc2
47. g4 h5 48. a7 Rf1+ 49. Ke3 Re1 50. Kd3 1-0

[Event "Moscu ch"]
[Site "Moscu RUS"]
[Date "2007.04.23"]
[Round "6.1"]
[White "Rychagov, Andrey"]
[Black "Amonatov, Farrukh"]
[Result "0-1"]
[WhiteElo "2571"]
[BlackElo "2574"]
[PlyCount "124"]
[EventDate "2007.04.18"]
[EventType "tourn"]
[EventRounds "7"]
[EventCountry "RUS"]
[Source "lmi"]
[SourceDate "2007.04.18"]

1. d4 Nf6 2. c4 g6 3. Nc3 Bg7 4. e4 d6 5. Nf3 O-O 6. Be2 e5 7. Be3 Ng4 8. Bg5
f6 9. Bc1 f5 10. Bg5 Qe8 11. exf5 exd4 12. Nd5 d3 13. Qxd3 Bxf5 14. Qd2 Qd7 15.
h3 Ne5 16. Nxe5 Bxe5 17. Ne7+ Kh8 18. Nxf5 Qxf5 19. O-O Nc6 20. Be3 Bf4 21.
Qc3+ Qf6 22. Qxf6+ Rxf6 23. Bxf4 Rxf4 24. b3 Ne5 25. Rae1 g5 26. Bd1 b6 27. Bc2
a5 28. Be4 Raf8 29. Re2 Kg7 30. Rc1 h6 31. a3 Re8 32. g3 Rf6 33. b4 axb4 34.
axb4 Nc6 35. Rb1 Nd4 36. Re3 Nf3+ 37. Rxf3 Rxe4 38. Rc3 Re2 39. Rf1 Rb2 40. c5
bxc5 41. bxc5 d5 42. c6 Rd2 43. h4 Kf7 44. hxg5 hxg5 45. Re1 Rfxf2 46. Rce3 Kg6
47. Re7 Rg2+ 48. Kh1 Rh2+ 49. Kg1 Rdg2+ 50. Kf1 Rc2 51. Kg1 Rhg2+ 52. Kh1 d4
53. Rxc7 Kf5 54. Rd1 Rgd2 55. Rxd2 Rxd2 56. Re7 Kg4 57. Re1 d3 58. c7 Rc2 59.
Rd1 Kh3 60. g4 d2 61. Kg1 Kg3 62. Kf1 Kf3 0-1